| 000 | 00840nam a22002297a 4500 | ||
|---|---|---|---|
| 005 | 20201125063854.0 | ||
| 008 | 140921t2014 xxua fr 001 0 eng d | ||
| 020 | _a9781133942177 | ||
| 040 | _aEG-ScBUE | ||
| 082 | 0 | 0 |
_222 _a428.0071 _bVAR |
| 100 | 1 |
_aVargo, Mari _936085 |
|
| 245 | 1 | 0 |
_aPathways 3 : _breading, writing and critical thinking / _cMari Vargo and Laurie Blass. |
| 246 | 3 |
_aPathways three : _breading, writing and critical thinking |
|
| 260 |
_aBoston, United States : _bNational Geographic Learning : _bHeinle Cengage Learning, _cc.2014. |
||
| 300 |
_axvi, 256 p. : _bill. (col.) ; _c28 cm. |
||
| 500 | _aIncludes indexes. | ||
| 653 |
_bEEENG _cSeptember2014 |
||
| 655 |
_vtext book _933728 |
||
| 700 | 1 |
_934715 _aBlass, Laurie _d1952- |
|
| 710 | 2 |
_935969 _aNational Geographic Learning (Firm) |
|
| 942 |
_2ddc _cBB _k428.0071 VAR |
||
| 999 |
_c18391 _d18363 |
||